| 000 | 00597nam a2200181Ia 4500 | ||
|---|---|---|---|
| 008 | 090630s9999 xx 000 0 und d | ||
| 082 | _b12528 | ||
| 100 | _aसावंत शिवाजी. | ||
| 245 |
_aमृत्युंजय. _cसावंत शिवाजी. |
||
| 260 |
_bकॉन्टीनेंटल. _c1992 |
||
| 300 | _a600 | ||
| 600 | _aसावंत शिवाजी. | ||
| 630 | _aमृत्युंजय. | ||
| 655 | _aकादंबरी. | ||
| 700 | _aसावंत शिवाजी. | ||
| 730 | _aमृत्युंजय. | ||
| 942 | _cBOOK | ||
| 999 |
_c264384 _d264384 |
||